000 01322nam a2200301 a 4500
001 000000597
003 DO-SdBNP
005 20240229074003.0
008 090331t2006 dr ach 001 0 spa d
020 _z9945417029
020 _a9789945417029
040 _aDO-SdBNP
_bspa
_cBNPHU
082 _a306.4
_bS127b
100 1 _a Sáez , José Luis
_d1937-
_9620
245 1 0 _aBreve introducción a la cultura dominicana /
_cJosé Luis Sáez.
260 _aSanto Domingo :
_bABC,
_c2006.
300 _a101 p. :
_bil., facsíms., retrs. ;
_c23 cm.
500 _aIncluye una cronología de la cultura dominicana siglos IV-XX.
504 _aBibliografía : p.97-101.
505 0 _aDesde la colonia hasta el surgimiento de la nacionalidad (1495-1844 ) --
_tDesde la independencia política a las tiranías (1844-1930) --
_tLa «Era de Trujillo» y su secuencia --
_tDesde la Guerra de Abril a nuestros días --
_gApéndice : Breve cronología de la cultura dominicana --
_gBibliografía.
590 _aInventariado, 2018/MFF
650 1 4 _aCultura
_zRepública Dominicana
_xHistoria
_91949
650 1 4 _aSociologia de la cultura
_91950
650 1 4 _aIdentidad cultural
_zRepública Dominicana
_xHistoria
_91951
651 1 4 _aRepública Dominicana
_xHistoria
_9170
910 _aValidado. Control de calidad EMS.
942 _2ddc
_cLBS1
999 _c595
_d595